| 000 | 00419nam a2200145Ia 4500 | ||
|---|---|---|---|
| 005 | 20250310063916.0 | ||
| 008 | 240331s9999 xx 000 0 und d | ||
| 082 |
_bRAG _26108 _a973 |
||
| 100 | _aRaghavan, P | ||
| 245 | 0 |
_aDollar Dhesam: _bAmericavin Arasiyal Varalaru |
|
| 260 |
_aChennai, _bKizhakku Pathippagam _c2004 |
||
| 300 | _a864 p., | ||
| 500 | _aA political history of the United States of America. | ||
| 942 | _cL | ||
| 999 |
_c4677 _d4677 |
||